1453 1659 1971 1923 1484 1578 1901 1185 1936 1494 1303 1923 1034 1861 1574 1491 1751 1223 1364 1577 1544 1936 1676 1621 1661 1810 1615 1073 1741 1800 1430 1341 1441 1902 1709 1653 1633 1697 1710 1921 1432 1334 1463 1697 1342 1519 1788 1952 1423 1034 1333 1384 1276 1275 1399 1356 1928 1878 1098 1595 1071 1212 1973 1088 1017 1528 1810 1317 1994 1071 1789 1223 1117 1106 1675 1657 1815 1606 1032 1182 1817 1401 1623 1713 1310 1008 1211 1815 1332 1545 1623 1754 1069 1224 1054 1151 1117 1498 1269 BCNSPRNW ULIB Ver.6.0+V

เปลี่ยนเป็นภาษาไทย

Change to English
 แสดงรายละเอียดบรรณานุกรม
  กลับหน้าหลัก

Brief Record : Get Marc (ISO 2709) : E-mail record : QR code < ปิดหน้าต่าง
LEADER : 00000nam 2200000uu 4500
001    13399111664
003     ULIB
008    110704s2548||||th 000 0 tha d
020    9749341643
050 04 BQ4570^bอ483ก 2548
100 0  โทลเลอ, เอ็กค์ฮาร์ท
245 10 การฝึกปฏิบัติพลังแห่งจิตปัจจุบัน /^cเอ็กค์ฮาร์ท โทลเลอ;แปลและเรียบเรียงโดย พรรณี ชูจิรวงศ์
260    กรุงเทพ ฯ :^bต้นไม้,^c2548
300    126 หน้า
650  7 พลังจิต
700 0  พรรณี ชูจิรวงศ์
945    ^p180^l0^i019044
995    ทศพร
999 ^a ใช้งานได้ทุกระบบ
รายการนี้ยังไม่มีแท็ก
คุณยังไม่ได้ล็อกอิน คุณสามารถมีกิจกรรมร่วมกับเว็บไซต์ได้ แต่ต้องล็อกอินก่อน ::
  ล็อกอิน

รายการสื่อสารสนเทศ

ลำดับที่ ประเภท เลขเรียก/บาร์โค้ด สถานที่ สถานะ
- ไม่พบข้อมูล -

รายการใกล้เคียง
    หัวเรื่อง [พลังจิต]

BibComment


ยังไม่เคยถูกคอมเมนท์

คอมเมนท์ทรัพยากรรายการนี้
  คอมเมนท์: การฝึกปฏิบัติพลัง..


 Copyright 2026. Bcnsprnw @Library